Józef Piłsudski - prawda czy fałsz ? - Statystyki

Ogólne statystyki
  • Ten quiz został rozwiązany 150 razy
  • Średni wynik to 10 z 15
Statystyki odpowiedzi
Zagadnienie Odpowiedź % Poprawnych
Pochodził z patriotyczniej rodziny Prawda
95%
Zabił prezydenta Gabriela Narutowicza Fałsz
87%
Miał 2 córki Prawda
87%
Był prezydentem Polski Fałsz
86%
Miał dwie żony Prawda
84%
Walczył w armii Austro-Węgierskiej Prawda
83%
Napadł na Rosyjski pociąg w 1908 roku Prawda
78%
Studiował Historię Fałsz
71%
Urodził się pod zaborem Pruskim Fałsz
70%
Przyznał kobietom prawa wyborcze Prawda
66%
Pochodził z rodziny robotniczej Fałsz
61%
Był zagorzałym katolikiem Fałsz
56%
Do śmierci pełnił funkcje ministra Fałsz
56%
Współpracował z Romanem Dmowskim Prawda
35%
Był jednym z założycieli PPS Fałsz
25%
Nie znaleziono quizów pasujących do podanych kryteriów
Rozkład punktacji
Procent ludzi z każdym wynikiem
Percentyl według liczby udzielonych odpowiedzi
Twoja historia wyników
Nie rozwiązałeś tego quizu